Sports Quiz

Random Sports or Clickable Quiz

Athlete By Nicknames Quiz Stats

Quiz not verified by Sporcle

Challenge
Share
Tweet
Embed
Score 0/15 Timer 01:00
0 Plays Today
% Correct
???
90%
???
89.2%
???
88.5%
???
87.7%
???
85.4%
???
85.4%
???
83.8%
???
83.1%
% Correct
???
83.1%
???
80.8%
???
75.4%
???
67.7%
???
64.6%
???
46.2%
???
23.1%

You're not logged in!

Compare scores with friends on all Sporcle quizzes.
Sign Up with Email
OR
Log In

You Might Also Like...

Show Comments

Extras

Top Quizzes Today


Score Distribution

Your Account Isn't Verified!

In order to create a playlist on Sporcle, you need to verify the email address you used during registration. Go to your Sporcle Settings to finish the process.